00814nam a22002537a 45000010005000000030006000050050017000110080041000280200018000690400029000870500014001160820010001301000036001402450045001762500027002212600035002483000044002835050007003275200133003345210019004675210018004866500035005046500021005394760FISKH20250829143156.0241009b cb ||||| |||| 00| 0 eng d a9780590438438 aFISKHbengcFISKHdFISKH aPZ7.B7633 a152.4 aBridwell, Normand(1928–2014) aClifford, we love you /cNorman Bridwell aFirst printing in 1991 aNew York :bScholastic,c1991. a30 pages bcolor illustrations ;c21 cm aG  aWhen Clifford, the big red dog, is feeling sad, Emily Elizabeth and her friends do everything they can think of to cheer him up.8 a350 bLexile 8 aG bRaz-Plus  2CliffordaFriendshipvFeelings 2ValentinesaDogs